第一批全国重点文物保护单位3处以上(含3处)的地级行政区及直辖市 - Statistics

General Stats
  • This quiz has been taken 39 times
  • The average score is 13 of 22
Answer Stats
数量 地区 % Correct
18 北京市
100%
11 西安市
97%
5 广州市
95%
4 上海市
95%
6 苏州市
92%
3 重庆市
90%
3 洛阳市
87%
3 成都市
82%
7 郑州市
79%
3 济南市
64%
5 保定市
56%
5 石家庄市
56%
3 大同市
56%
5 咸阳市
54%
5 承德市
46%
3 拉萨市
41%
4 济宁市
38%
3 临汾市
31%
3 忻州市
21%
3 大理白族自治州
15%
3 日喀则市
8%
3 曲靖市
5%
No matching quizzes found
Score Distribution
Percent of People with Each Score
Percentile by Number Answered
Your Score History
You have not taken this quiz